| 000 | 01037nam a22003014i 4500 | ||
|---|---|---|---|
| 999 |
_c7886 _d7886 |
||
| 001 | 991061085974406706 | ||
| 003 | OSt | ||
| 005 | 20240509191441.0 | ||
| 008 | 240110p2024 spc|||||||||||||||| spa|c----|c | ||
| 017 |
_aDL B 2444-2024 _bBiblioteca de Catalunya |
||
| 020 | _a9788410500099 | ||
| 040 |
_aES-BaUB _bcat _erda _cCDMR |
||
| 100 | 1 |
_aRius, Josep Carles, _41956- . |
|
| 245 | 1 | 0 |
_aPeriodismo y democracia en la era de las emociones / _cJosep Carles Rius ; epílogo de J.J. Caballero Gil |
| 264 | 1 |
_aBarcelona : _bEdicions de la Universitat de Barcelona, _c2024 |
|
| 300 |
_a460 pàgines ; _c24 cm |
||
| 490 | 1 |
_aPeriodismo activo ; _v21 |
|
| 504 | _aInclou referències bibliogràfiques | ||
| 650 | 7 | _aÈtica periodística | |
| 650 | 0 |
_aDesinformació _94286 |
|
| 650 | 0 |
_aPropaganda _93177 |
|
| 650 | 0 |
_aConflictes socials en els mitjans de comunicació de massa _93820 |
|
| 650 | 0 |
_aPeriodisme _92799 _xAspectes socials |
|
| 830 | 0 |
_aPeriodismo activo ; _v21 |
|
| 908 |
_aUB _aUAB |
||
| 940 | _aUB | ||
| 942 |
_2udc _cMON |
||